[Event "IIFL Wealth 4th Mumbai GM"]
[Site "Mumbai"]
[Date "2018.12.31"]
[Round "2"]
[White "Aleksandrov, Aleksej"]
[Black "Ritviz, Parab"]
[Result "1-0"]
[WhiteElo "2590"]
[BlackElo "2338"]
[Annotator "TA"]
[PlyCount "62"]
[EventDate "2018.12.30"]
[EventType "swiss"]
[EventCountry "IND"]
[SourceTitle "playchess.com"]
[Source "ChessBase"]
[SourceQuality "1"]

{[%evp 18,62,66,48,96,-126,96,70,122,81,110,93,94,39,18,8,25,0,0,0,70,73,73,69,72,77,69,56,40,36,93,137,225,77,273,279,313,312,352,338,342,345,329,334,490,483,1023]} 1. d4 Nf6 2. c4 g6 3. Nc3 Bg7 4. e4 d6 5. h3 O-O 6. Be3 Nbd7 7. Nge2 {E71: King's Indian: 4 e4 d6 5 h3} (7. g4 c5 8. d5 Qa5 9. Qd2 a6 10. a4 b5 11. cxb5 axb5 12. Bxb5 Ba6 13. Bxa6 Qxa6 14. Nge2 Ne5 {0-1 (39) Repka,C (2523)-Amin,B (2686) Batumi 2018}) 7... e5 8. d5 a5 9. g4 Nc5 10. Ng3 {LiveBook: 8 Games} Bd7 11. h4 $2 (11. Qd2 $16 {stays on course.}) 11... c6 $2 (11... Nxg4 $17 12. Bxc5 dxc5) 12. Be2 Ne8 $146 ({Black should play} 12... a4 $14) ({Predecessor:} 12... cxd5 13. cxd5 Qb6 14. Rb1 Rfc8 15. g5 Ne8 {1-0 (57) Kozionov,K (2263)-Preotu,R (2086) Maribor 2012}) 13. g5 Nc7 14. h5 Rb8 15. a4 (15. Qd2 $16) 15... N7a6 $14 16. Kf1 Qe7 17. Bg4 f5 18. gxf6 $1 Qxf6 (18... Rxf6 $11 19. Rh2 Rbf8) 19. hxg6 hxg6 20. Bxd7 Nxd7 21. Qg4 Ndc5 22. Rd1 $36 {[%mdl 2048] White is more active.} Nb4 23. Rh2 Ncd3 (23... Rbe8 $14) 24. Rd2 $16 ({Much worse is} 24. Qh3 $6 Rf7 $11) 24... Nf4 {[#]} (24... Nc5 $16 {was called for.}) 25. Nce2 (25. Bxf4 $1 $18 {and the rest is easy.} exf4 26. Nge2) 25... c5 $2 {[#]} (25... Rf7 $16 {keeps fighting.}) 26. Ng1 $1 $18 {[%cal Be2g1,Bg1h3,Bh3g5][%mdl 32]} Rf7 27. Nh3 Nbd3 28. Ng5 Re7 29. f3 b6 30. Rh1 Bf8 (30... Ra7 $142 31. Qh4 Re8) 31. Rdh2 Qg7 {Precision: White = 58%, Black = 24%.} (31... Bg7 $142 32. Qh4 Reb7 33. Bxf4 Nxf4) 1-0

[Event "IIFL Wealth 4th Mumbai GM"]
[Site "Mumbai"]
[Date "2018.12.31"]
[Round "2"]
[White "Stupak, Kirill"]
[Black "Ameir, Moheb"]
[Result "0-1"]
[WhiteElo "2557"]
[BlackElo "2327"]
[Annotator "TA"]
[PlyCount "104"]
[EventDate "2018.12.30"]
[EventType "swiss"]
[EventCountry "IND"]
[SourceTitle "playchess.com"]
[Source "ChessBase"]
[SourceQuality "1"]

{[%evp 21,104,14,4,-1,0,0,46,33,33,4,0,-24,-26,-32,-32,-25,-30,-39,-24,-32,0,-8,14,10,21,22,14,18,20,0,0,0,0,0,5,11,0,0,3,0,-2,0,-6,-6,-9,-2,-6,-9,0,-98,-42,-69,-16,-18,-38,-83,-80,-178,-175,-153,-164,-203,-227,-242,-225,-291,-283,-283,-254,-282,-270,-320,-252,-294,-312,-312,-273,-532,-366,-555,-547,-1202,-1183,-1150,1066]} 1. d4 d5 2. Nf3 Nf6 3. g3 g6 4. Bg2 Bg7 5. c4 c6 6. O-O O-O 7. Qb3 Qb6 8. Nc3 Rd8 9. Rd1 {D78: Fianchetto Grünfeld: 6 0-0 c6} (9. h3 Bf5 10. Bf4 Na6 11. Qxb6 axb6 12. cxd5 Nxd5 13. Nxd5 Rxd5 14. Be5 Bxe5 15. dxe5 Be4 16. Rfd1 Bxf3 17. Bxf3 Rxe5 {0-1 (68) Li,C (2732)-Vachier Lagrave,M (2789) Riadh 2017}) 9... Bf5 10. Ne1 dxc4 11. Qxc4 Na6 {LiveBook: 22 Games} 12. h3 Be6 13. Qa4 Rd7 14. e4 {Strongly threatening d5.} Rad8 15. Nc2 $146 ({Predecessor:} 15. Be3 Qxb2 16. Rac1 Qb4 17. Qxb4 Nxb4 {1-0 (55) Verst,P (2285)-Shishkov,V (2075) ICCF email 2014}) 15... Ne8 16. Ne2 Nec7 17. Re1 Qb5 18. Qxb5 Nxb5 19. Be3 Bc4 20. e5 $1 Bd3 21. Rac1 Bxc2 22. Rxc2 Nb4 {[%mdl 64] Double Attack} 23. Rc4 Nd5 24. Bxd5 Rxd5 25. a4 Nc7 26. b4 R5d7 27. Nf4 f6 28. e6 Rd6 29. d5 Nxd5 30. Bc5 Nxf4 31. Bxd6 Nxh3+ 32. Kg2 Rxd6 33. Kxh3 $11 {[%mdl 4096] Endgame KRR-KRB} f5 34. Kg2 a6 35. g4 {[#]} (35. b5 $11) 35... fxg4 ({Black should play} 35... b5 $1 $17 {[%cal Rb5c4]} 36. axb5 axb5) 36. Rf4 Bh6 ({Better is} 36... Bc3 $15 37. Ree4 h5) 37. Rxg4 Bd2 38. Re2 Kg7 39. Rc4 (39. Rg3 $17) 39... b5 $19 40. axb5 axb5 41. Rce4 g5 42. f3 h5 {[%cal Bh7h5,Bh5h4][%mdl 32]} 43. Kh3 Kf6 44. Kg2 Rd3 45. Rf2 h4 46. Rfe2 Rd5 47. Kh3 Kf5 48. Rf2 Bf4 {Threatens to win with ...g4+!} 49. Rfe2 $2 (49. Ree2 {was worth a try.}) 49... Bd6 50. Rc2 (50. Re1 $142) 50... Rd3 {Black is clearly winning.} 51. Kg2 {[#]} h3+ $1 {[%mdl 512]} 52. Kf2 (52. Kxh3 Rxf3+) 52... Rd4 $4 {[%mdl 40960] Accuracy: White = 48%, Black = 62%. . Loss on time!?} (52... Rd1 $19 53. Rce2 h2) 0-1

[Event "IIFL Wealth 4th Mumbai GM"]
[Site "Mumbai"]
[Date "2018.12.31"]
[Round "2"]
[White "Deepan Chakkravarthy J."]
[Black "Pranav Vijay"]
[Result "1/2-1/2"]
[WhiteElo "2550"]
[BlackElo "2265"]
[Annotator "TA"]
[PlyCount "162"]
[EventDate "2018.12.30"]
[EventType "swiss"]
[EventCountry "IND"]
[SourceTitle "playchess.com"]
[Source "ChessBase"]
[SourceQuality "1"]

{[%evp 18,162,12,2,7,7,20,0,16,15,18,18,19,17,17,11,54,20,32,14,33,26,22,27,21,0,0,3,21,18,33,3,15,0,18,-14,28,0,44,39,36,37,41,38,44,25,80,53,54,52,52,55,51,27,96,46,189,174,227,208,379,359,372,349,335,59,30,37,33,21,21,21,22,4,4,2,10,7,7,0,33,22,58,58,73,68,66,62,62,63,66,23,31,17,66,22,22,20,20,22,36,0,0,0,0,0,0,0,0,0,0,0,0,0,0,0,0,0,0,0,0,0,0,0,0,0,293,0,0,0,0,0,0,0,0,0,0,0,0,0,0,0,0,0,0,0,43]} 1. e4 e5 2. Nf3 Nc6 3. Bb5 a6 4. Ba4 d6 5. O-O Bd7 6. c4 g6 7. Nc3 {C72: Ruy Lopez: Deferred Steinitz: 5 0-0} (7. d4 exd4 8. Bxc6 Bxc6 9. Qxd4 Qf6 10. e5 dxe5 11. Nxe5 Bg7 12. Re1 Ne7 13. Nxc6 bxc6 14. Qe4 O-O-O {0-1 (77) Nepomniachtchi,I (2721)-Mamedyarov,S (2757) Beijing 2013}) 7... Bg7 8. Bxc6 bxc6 9. d4 exd4 10. Nxd4 {LiveBook: 3 Games} c5 11. Nde2 Ne7 12. Bg5 {next Nd5 is good for White.} h6 13. Be3 Be6 $146 ({Predecessor:} 13... O-O 14. Qd2 Kh7 {1-0 (36) Khusnutdinova,A (2129)-Rodionova,P (2081) Loo 2015}) 14. b3 O-O 15. Qd2 Kh7 16. Rad1 Qb8 17. h3 Qb4 18. Qc2 Rae8 19. f4 {[#] Hoping for f5.} f5 20. e5 Qb8 21. exd6 cxd6 22. Bc1 Rd8 23. Bb2 Nc6 24. Kh2 Rfe8 25. Rd2 Nb4 26. Qd1 Bf7 (26... d5 $5 27. cxd5 Nxd5 28. Nxd5 Bxb2 $11) 27. Rf3 {[%cal Bf1f3,Bf3e3,Be3e6][%mdl 32]} Rd7 (27... d5 {looks sharper.} 28. cxd5 Rd6 29. Qc1 Qd8 30. Qg1 Qc7) 28. Na4 Bxb2 29. Rxb2 Rde7 30. Nac3 Rd7 31. Rd2 Red8 (31... Ree7 $11 {remains equal.}) 32. Re3 $16 Qc7 33. a3 Nc6 34. Nd5 $36 {[%mdl 2048] White has the initiative.} Bxd5 $1 35. cxd5 Na5 (35... Re7 $11 36. Rxe7+ Nxe7) 36. Re6 Qb6 (36... Re7 $14) 37. Rd3 $18 c4 (37... Rg8 $142 38. Rde3 Rf7) 38. bxc4 Nxc4 $2 (38... Nb7) 39. Rg3 Rg8 40. Nd4 Rf7 41. Nc6 $2 ({White should try} 41. h4 $18 Qd8 42. Qc1) 41... Qf2 $14 42. Rf3 Qd2 43. Qe2 Qxe2 44. Rxe2 {[#] Black must now prevent Rb3.} Nb6 45. Re6 Nxd5 46. Rxd6 Rf6 47. Rxf6 Nxf6 $11 {[%mdl 4096] Endgame KRN-KRN} 48. Rd3 Rc8 49. Rd6 Kg7 50. Ne5 a5 51. Ra6 Rc7 52. Rxa5 Nh5 53. Ra4 Re7 54. Nd3 g5 55. Rd4 Re3 56. a4 {Threatens to win with fxg5.} Nxf4 57. Nxf4 gxf4 58. Rxf4 {KR-KR} Ra3 59. g4 fxg4 60. Rxg4+ Kf6 61. Kg2 Kf5 62. Rb4 h5 63. Rb5+ Kf4 64. Rb4+ Kf5 65. h4 Ke6 66. Kf2 Kd6 67. Rb6+ Kc7 68. Rb4 Kd6 69. Kg2 Ke5 70. Kf2 Kd6 71. Ke2 Rh3 $2 {[%mdl 8192]} (71... Kc6 $11 {and Black is okay.}) 72. Kd2 $2 (72. a5 $18) 72... Ra3 {The position is equal.} 73. Kc2 Kc5 74. Rf4 Kb6 75. Kd2 Kc6 76. Kc1 Kb6 77. Kb2 Rh3 78. Kc2 Ra3 79. Kd2 Kc6 80. Ke2 Kd6 81. Kd1 Kc6 {Accuracy: White = 54%, Black = 54%.} 1/2-1/2

[Event "IIFL Wealth 4th Mumbai GM"]
[Site "Mumbai"]
[Date "2018.12.31"]
[Round "2"]
[White "Tran, Tuan Minh"]
[Black "Sangma, Rahul"]
[Result "1-0"]
[WhiteElo "2524"]
[BlackElo "2289"]
[Annotator "TA"]
[PlyCount "47"]
[EventDate "2018.12.30"]
[EventType "swiss"]
[EventCountry "IND"]
[SourceTitle "playchess.com"]
[Source "ChessBase"]
[SourceQuality "1"]

{[%evp 17,47,39,35,37,33,29,54,50,50,49,60,55,79,62,50,47,43,35,102,77,93,88,97,80,206,217,210,148,174,172,636,596]} 1. d4 Nf6 2. c4 e6 3. Nc3 Bb4 4. f3 O-O 5. a3 Bxc3+ 6. bxc3 Nh5 {E27: Nimzo-Indian: Sämisch: 5...0-0 6 f3} 7. Nh3 {[%cal Bg1h3,Bh3f2,Bf2e4][%mdl 32]} f5 {[%cal Bf7f5,Bf5e4][%mdl 32]} 8. e4 fxe4 9. Bg5 Nf6 {LiveBook: 3 Games} 10. Nf2 $146 ({Predecessor:} 10. fxe4 d6 11. Nf2 e5 12. c5 Nc6 13. Bb5 Qe7 14. O-O dxc5 {½-½ (51) Volkov,S (2593)-Turov,M (2599) Fagernes 2013}) 10... h6 11. Bh4 Qe8 12. Bxf6 $1 Rxf6 13. Nxe4 Rf8 14. Bd3 e5 15. O-O d6 $1 16. Re1 Nc6 17. c5 Qe7 (17... d5 $14) 18. Rb1 Kh8 19. Bc2 $36 {[%mdl 2048] White is in control.} b6 {[%cal Rd6c5]} 20. Ng3 {And now cxd6 would win.} bxc5 (20... Ba6 $16) 21. Qd3 $18 {[%csl Gc2][%cal Rd3h7] [#]} g5 {[%cal Rc5d4]} 22. dxc5 {Black must now prevent Qd5.} dxc5 23. Qd5 Qd6 $2 (23... Rf6 24. Ba4 (24. Ne4 Rg6 $16) 24... Bd7) 24. Qe4 {Accuracy: White = 66%, Black = 23%.} 1-0

[Event "IIFL Wealth 4th Mumbai GM"]
[Site "Mumbai"]
[Date "2018.12.31"]
[Round "2"]
[White "Movsziszian, Karen"]
[Black "Tarun Kanyamarala"]
[Result "1-0"]
[WhiteElo "2505"]
[BlackElo "2120"]
[Annotator "TA"]
[PlyCount "119"]
[EventDate "2018.12.30"]
[EventType "swiss"]
[EventCountry "IND"]
[SourceTitle "playchess.com"]
[Source "ChessBase"]
[SourceQuality "1"]

{[%evp 13,119,-11,0,-42,-33,-36,-3,-50,-25,-95,-58,-38,21,12,24,24,18,12,14,19,24,6,44,18,26,26,27,19,69,46,47,24,27,-8,0,0,0,0,0,-12,-1,-16,-6,-8,0,0,0,-27,0,-29,129,-20,506,198,181,158,160,170,191,172,164,28,327,329,315,272,941,929,835,877,29986,877,877,877,868,858,689,540,477,368,368,347,507,504,506,506,506,456,503,501,470,471,497,464,802,793,829,823,962,936,939,692,29973,29974,29962,1006,29965,11241]} 1. e4 c5 2. d3 Nc6 3. g3 d5 4. Nd2 Nf6 5. Bg2 g6 6. Ne2 {B20: Sicilian: Unusual White 2nd moves} (6. Ngf3 Bg7 7. O-O O-O 8. c3 e6 9. Re1 Kh8 10. Qe2 b6 11. Nf1 c4 12. dxc4 Ba6 13. exd5 exd5 14. Bf4 dxc4 15. Rad1 Qc8 16. Ne5 Nxe5 17. Bxe5 {½-½ (50) Movsesian,S (2721)-Rublevsky,S (2678) Warsaw 2010}) 6... Bg7 7. O-O O-O {LiveBook: 8 Games} 8. a4 {The position is equal.} dxe4 $146 ({Predecessor:} 8... e5 9. exd5 Nxd5 10. Nc3 Ndb4 11. Nc4 Nd4 12. Ne3 f5 13. f4 exf4 14. gxf4 {0-1 (26) Biti,O (2374)-Guadalpi,D (2274) Portoroz 2004}) 9. dxe4 Qc7 10. h3 Rd8 11. f4 (11. Nc3 $11 {remains equal.}) 11... b6 12. Nc3 Nb4 (12... Ba6 $15) 13. e5 $11 Nfd5 14. Nxd5 Nxd5 15. Qe2 Bb7 16. c3 Rac8 17. Nf3 Qb8 18. h4 Nc7 19. Re1 Ba6 20. Qf2 Rd3 21. Bf1 Rd5 22. c4 Rd7 23. b3 Rcd8 24. h5 Bb7 $36 {[%mdl 2048] Black is more active.} 25. hxg6 hxg6 26. Bb2 Ne6 27. Re3 Qa8 28. Be2 Be4 29. Re1 Bh6 30. Bf1 Bc6 31. Nh2 Nd4 $2 {[#]} ({Black should play} 31... Rd2 $11 32. R3e2 R2d7) 32. g4 ({White must play} 32. e6 $1 $16 {[%cal Re6d7][%mdl 512]} Nxe6 33. Rxe6 fxe6 34. Qe3) 32... f5 $2 {[%mdl 8192]} (32... e6 $1 $11 {and Black has nothing to worry.}) 33. Rh3 $2 (33. e6) 33... Bg7 $18 34. Qh4 e6 35. Qh7+ Kf8 36. Qxg6 {Black must now prevent Bxd4.} fxg4 37. Rh7 ({Much less strong is} 37. Qxg4 Be4 $16) (37. Nxg4 $18 Nf3+ 38. Rxf3 Bxf3 39. Qxe6) 37... g3 $2 {[%mdl 8192] [#]} (37... Re7 $11 {and Black is okay.}) 38. Bxd4 $1 gxh2+ 39. Kxh2 {And now Bh3 would win.} cxd4 $2 (39... Qb7) 40. Bh3 Rf7 41. Bxe6 {[%csl Ge6][%cal Rg6f7]} Rdd7 42. Bxd7 (42. Bxf7 $142 Rxf7 43. e6 Re7 44. Rg1 Bg2 45. Rxg2 Qxg2+ 46. Qxg2 Kg8 47. Qg6) 42... Bxd7 43. e6 Bxe6 44. Qxe6 {White wants to mate with Qh3.} Qb8 45. Rh4 Rxf4 46. Qe7+ Kg8 {( -> ...Rxh4+)} 47. Qe8+ Rf8+ (47... Qxe8 {is a better defense.} 48. Rxe8+ Rf8) 48. Qxb8 Rxb8 {[%mdl 4096] Endgame KRR-KRB} 49. Re7 Bf6 50. Rg4+ Kf8 51. Rxa7 Be5+ 52. Kg2 Rd8 53. Rg5 Bf6 (53... d3 $142 54. Rxe5 d2 55. Rf5+ Kg8) 54. Rd5 Re8 55. Rb7 Re6 56. c5 bxc5 57. Rxc5 d3 58. Rc8+ Re8 59. Rxe8+ Kxe8 60. Kf3 {Precision: White = 55%, Black = 33%.} 1-0

[Event "IIFL Wealth 4th Mumbai GM"]
[Site "Mumbai"]
[Date "2018.12.31"]
[Round "2"]
[White "Visakh N R"]
[Black "Sarwat, Walaa"]
[Result "1-0"]
[WhiteElo "2491"]
[BlackElo "2276"]
[Annotator "TA"]
[PlyCount "129"]
[EventDate "2018.12.30"]
[EventType "swiss"]
[EventCountry "IND"]
[SourceTitle "playchess.com"]
[Source "ChessBase"]
[SourceQuality "1"]

{[%evp 19,129,41,81,72,100,59,91,75,98,63,47,56,66,31,58,4,27,13,93,50,41,42,75,77,109,47,40,41,43,18,69,49,25,-65,-54,-46,-39,-48,-13,-4,-9,-19,0,-32,0,0,14,0,94,101,95,100,102,110,166,172,169,131,631,586,721,670,892,858,802,775,678,479,2013,1408,1982,1779,1013,968,1588,1475,29963,29963,29957,29955,29977,29978,29978,29977,29979,29980,29980,29981,29981,29980,29980,29981,29980,29981,29981,29981,29981,29982,29982,29983,29983,29984,29984,29985,29985,29985,29989,29990,29990,29991,29991,29992]} 1. c4 e5 2. g3 Nf6 3. Bg2 Nc6 4. Nc3 Bb4 5. Nf3 O-O 6. O-O d6 7. d3 Bxc3 8. bxc3 e4 9. Nd4 exd3 10. exd3 Ne5 11. f4 $1 {[%cal Rf4e5] A29: English Opening: Four Knights Variation with 4 g3} Ned7 {[%cal Be5d7,Bd7b6,Bb6d5,Bd5e7,Be7c6,Bc6d4][%mdl 32]} (11... Ng6 12. Rb1 c5 13. Nc2 Rb8 14. f5 Ne5 15. Ne3 b6 16. g4 Bb7 17. Bxb7 Rxb7 18. g5 Ne8 {1-0 (32) Nepomniachtchi,I (2718)-Savchenko,B (2580) Sochi 2012}) 12. Rb1 $146 ({Predecessor:} 12. Re1 Re8 13. Rxe8+ Qxe8 14. Nb5 Qd8 15. Bd2 a6 16. Nd4 Nc5 17. Qf1 Bd7 18. Re1 Qf8 {½-½ (31) Noradounguian,G-Cursoux,G Le Touquet 1977}) 12... c5 13. Nc2 {White is better.} Nb6 14. f5 d5 15. cxd5 Nbxd5 16. Rb3 a5 $1 17. Bd2 (17. g4 $14) 17... Ra7 $11 18. g4 a4 (18... h6 $1 $11) 19. Rb2 h6 20. c4 Ne7 21. Bc3 Nc6 22. Ne3 (22. Re1 $16) 22... Nd4 $14 23. Nd5 a3 24. Rbf2 Bd7 (24... b5 $11) 25. Bxd4 cxd4 26. Rf4 (26. Qa1 $11) 26... Bc6 $1 $15 27. Nxf6+ Qxf6 28. Qa1 Bxg2 29. Kxg2 Rd8 30. Re4 Ra6 31. Rf2 Rb6 32. Qc1 Ra6 33. Qf4 Qd6 (33... Rb6 $11 {remains equal.}) 34. Qxd6 $16 Raxd6 {[%mdl 4096] Endgame KRR-KRR} 35. Re5 Rb6 36. Ra5 Ra6 (36... Re8 $16 {is a better defense.}) 37. Rxa6 $1 $18 bxa6 {KR-KR} 38. c5 {[%cal Bc4c5,Bc5c6,Bc6c7][%mdl 32]} Rb8 $2 {[%mdl 8192]} (38... Kf8 $16) 39. Kf3 $1 Kf8 {[#]} 40. c6 $1 Ke7 41. c7 Rc8 42. Rc2 Kd7 43. Rc4 Rxc7 (43... g5 $142 44. Ke4 (44. Rxd4+ Kxc7 45. Rc4+ Kd8 $18) 44... Kd6 45. Kxd4 f6) 44. Rxc7+ Kxc7 {KP-KP} 45. Ke4 Kc6 46. Kxd4 Kb5 47. Kc3 g6 {[#]} 48. fxg6 $1 {White mates.} fxg6 49. h4 g5 50. hxg5 hxg5 {K3P-K3P} 51. d4 {[%cal Bd3d4,Bd4d5,Bd5d6][%mdl 32]} a5 52. Kd3 Kc6 53. Ke4 Kd6 54. d5 a4 55. Kd4 Kd7 56. Ke5 Ke7 57. d6+ Kd7 58. Kd5 Kd8 59. Ke6 Ke8 60. Kf6 Kd7 61. Kxg5 Kxd6 62. Kf6 Kd5 63. g5 {[%cal Bg4g5,Bg5g6,Bg6g7][%mdl 32]} Kd4 64. g6 Kc3 65. g7 {Accuracy: White = 70%, Black = 45%.} 1-0

[Event "IIFL Wealth 4th Mumbai GM"]
[Site "Mumbai"]
[Date "2018.12.31"]
[Round "2"]
[White "Rahman, Ziaur"]
[Black "Balasubramaniam H"]
[Result "1/2-1/2"]
[WhiteElo "2468"]
[BlackElo "2270"]
[Annotator "RC"]
[PlyCount "143"]
[EventDate "2018.12.30"]
[EventType "swiss"]
[EventCountry "IND"]
[SourceTitle "playchess.com"]
[Source "ChessBase"]
[SourceQuality "1"]
[TimeControl "40/5400+30:1800+30"]

1. d4 {[%emt 0:00:17]} Nf6 {[%emt 0:02:08]} 2. Bg5 {[%emt 0:00:28]} d5 {[%emt 0:00:23]} 3. e3 {[%emt 0:02:02]} e6 {[%emt 0:01:21]} 4. Nd2 {[%emt 0:00:23]} Be7 {[%emt 0:00:41]} 5. Bd3 {[%emt 0:00:41]} O-O {[%emt 0:03:50]} 6. Ngf3 {[%emt 0:01:13]} Nbd7 {[%emt 0:00:21]} 7. c3 {[%emt 0:07:22]} b6 {[%emt 0:01:59]} 8. b4 {[%emt 0:04:45]} Bb7 {[%emt 0:01:11]} 9. Qb1 {[%emt 0:00:38]} h6 {[%emt 0:01:58]} 10. Bh4 {[%emt 0:01:03]} Ng4 {[%emt 0:13:27]} 11. Bg3 {[%emt 0:09:24]} Bd6 {[%emt 0:10:56]} 12. c4 {[%emt 0:11:08]} Bxg3 {[%emt 0:17:35]} 13. hxg3 {[%emt 0:00:13]} f5 {[%emt 0:03:07]} 14. cxd5 {[%emt 0:10:55]} Bxd5 {[%emt 0:00:06]} 15. Bc4 {[%emt 0:01:36]} Ndf6 {[%emt 0:04:59]} 16. Bxd5 {[%emt 0:03:00]} Qxd5 {[%emt 0:01:00]} 17. O-O {[%emt 0:02:24]} Rf7 {[%emt 0:07:08]} 18. Qb3 {[%emt 0:01:26]} a5 {[%emt 0:02:54]} 19. b5 {[%emt 0:00:30]} a4 {[%emt 0:00:30]} 20. Qc4 {[%emt 0:05:44]} Ra5 {[%emt 0:01:33]} 21. Rab1 {[%emt 0:01:03]} Ne4 {[%emt 0:02:39]} 22. Qxd5 {[%emt 0:08:44]} exd5 {[%emt 0:00:06]} 23. Nxe4 {[%emt 0:00:14]} fxe4 {[%emt 0:00:05]} 24. Nh2 {[%emt 0:01:00]} Nf6 {[%emt 0:00:18]} 25. Rfc1 {[%emt 0:00:50]} h5 {[%emt 0:00:50]} 26. Rb4 {[%emt 0:02:19]} Ne8 {[%emt 0:00:45]} 27. g4 {[%emt 0:01:20]} g6 {[%emt 0:03:26]} 28. gxh5 {[%emt 0:07:41]} gxh5 {[%emt 0:00:01]} 29. Nf1 {[%emt 0:00:12]} Nd6 {[%emt 0:01:30]} 30. Rcb1 {[%emt 0:00:47]} h4 {[%emt 0:00:19]} 31. Nd2 {[%emt 0:01:30]} Rg7 {[%emt 0:02:11]} 32. Kh2 {[%emt 0:03:29]} Ra8 {[%emt 0:00:32]} 33. f3 {[%emt 0:02:41]} Kh8 {[%emt 0:11:08]} 34. Re1 {[%emt 0:02:29]} a3 {[%emt 0:02:26]} 35. fxe4 {[%emt 0:00:30]} dxe4 {[%emt 0:00:30]} 36. Nc4 {[%emt 0:01:27]} Nf5 {[%emt 0:01:14]} 37. Rf1 {[%emt 0:01:06]} Nh6 {[%emt 0:01:45]} 38. Ne5 {[%emt 0:00:57]} Rag8 {[%emt 0:01:10]} 39. Rf2 {[%emt 0:00:02]} Rg5 {[%emt 0:00:44]} 40. Rc4 {[%emt 0:00:00]} R8g7 {[%emt 0:00:00]} 41. Rc3 {[%emt 0:07:26]} Re7 {[%emt 0:04:59]} 42. Rf4 {[%emt 0:03:44]} Reg7 {[%emt 0:03:22]} 43. Rc2 {[%emt 0:00:56]} Nf5 {[%emt 0:00:31]} 44. Rxe4 {[%emt 0:01:42]} Rg3 {[%emt 0:01:01]} 45. Nc4 {[%emt 0:06:19]} h3 {[%emt 0:00:31]} 46. gxh3 {[%emt 0:00:45]} Rh7 {[%emt 0:02:03]} 47. Re8+ {[%emt 0:00:53]} Kg7 {[%emt 0:00:15]} 48. Re7+ {[%emt 0:00:14]} Nxe7 {[%emt 0:01:02]} 49. Kxg3 {[%emt 0:00:05]} Nf5+ 50. Kh2 {[%emt 0:01:57]} Kf6 {[%emt 0:00:52]} 51. Rf2 {[%emt 0:01:59]} Ke6 {[%emt 0:00:07]} 52. Nxa3 {[%emt 0:00:42]} Nd6 {[%emt 0:00:07]} 53. Nb1 {[%emt 0:03:17]} Nxb5 {[%emt 0:00:12]} 54. a4 {[%emt 0:00:49]} Nd6 {[%emt 0:00:03]} 55. Nc3 {[%emt 0:00:05]} c5 {[%emt 0:01:28]} 56. dxc5 {[%emt 0:02:16]} bxc5 {[%emt 0:00:30]} 57. a5 {[%emt 0:00:30]} Ra7 {[%emt 0:00:35]} 58. Ra2 {[%emt 0:00:06]} Ra6 {[%emt 0:00:10]} 59. Ra4 {[%emt 0:00:47]} Nb7 {[%emt 0:00:51]} 60. Kg3 {[%emt 0:01:00]} Rxa5 {[%emt 0:03:56]} 61. Rxa5 {[%emt 0:00:07]} Nxa5 {[%emt 0:00:08]} 62. Kf4 {[%emt 0:00:24]} Nc6 {[%emt 0:00:45]} 63. h4 {[%emt 0:00:20]} Ne5 {[%emt 0:01:44]} 64. Ne4 {[%emt 0:06:32]} c4 {[%emt 0:00:22]} 65. Nc3 {[%emt 0:00:40]} Kf6 {[%emt 0:01:01]} 66. Ke4 {[%emt 0:01:17]} Ng4 {[%emt 0:00:12]} 67. Kf4 {[%emt 0:01:15]} Ne5 {[%emt 0:01:47]} 68. h5 {[%emt 0:01:40]} Nd3+ {[%emt 0:00:53]} 69. Kg4 {[%emt 0:00:06]} Ne5+ {[%emt 0:00:13]} 70. Kh4 {[%emt 0:00:16]} Nf3+ {[%emt 0:00:37]} 71. Kg3 {[%emt 0:00:05]} Ne5 {[%emt 0:00:15]} 72. Kf4 {[%emt 0:00:57]} 1/2-1/2